000 006460000a22002410004500
003 LK-CoMWRAF
005 20230908105949.0
008 230817t2001 ||||| |||| 00| 0 eng d
020 _a1840460725
040 _aLK-CoMWRAF
_dLK-CoMWRAF
_eLK-CoMWRAF
041 _aeng
082 _a297
_bSAR
100 _aSardar, Ziauddin
100 _aMalik, Zafar Abbas
245 _aIntroducing Muhammad
250 _a2nd Edition
260 _aU.S.A. :
_bTotem Books,
_c2001
300 _a173 p. : ill., ports. ; 21 cm.
650 _aIslam-History
650 _aMuslims-Saudi Arabia-Biography
700 _aAppignanesi,, Richard
_eed.
942 _cBK
999 _c2082
_d2082